000 02054nam a2200301 a 4500
001 BRCA_8744
005 20190320210405.0
008 030317s1784----sp-#######---#000-0#spa-#
041 _aspa
044 _asp
084 _aBE102
_b.S46 1784
245 1 0 _aMana del Alma, o Exercicio fácil, y Provechoso para quien desea darle de algún modo à la oración
_cpropuesto por el P. Pablo Señeri para todos los días del año; y traducido del italiano en español por el doctor Francisco de Rofran
260 _aMadrid
_bPor Don Antonio de Sancha
_c1784
300 _a414 p. (t.3)
_c20.8 x 15 cm.
500 _aEn portada: dedicad el traductor toda la obra al B. Stanislao Kostka
500 _aEn portada: Añadese al final de ella el infierno abierto, discurso póstumo del mismo autor
500 _aCon licencia
500 _aCon marca de fuego: “Procedencia de la marca: Convento de San Francisco de Silao, Guanajuato(1). Institución: Provincia de San Pedro y San Pablo de Michoacán. Descripción: Abreviatura de la palabra Conv[en]to seguido del monograma compuesto por las iniciales “A”, “S”, “I” y “L” que se desata como Silao. El todo inscrito en un rectángulo. Observaciones: David Saavedra la adjudica al Convento Franciscano de Silao, Guanajuato. Con el testimonio de pertenencia ubicado en este ejemplar se corrobora la atribución realizada por David Saavedra. Ubicación de la marca en el libro: Canto superior, inferior y lateral”
500 _aEstado físico: presenta encuadernación en pergamino, con lomo semi desprendido
505 0 _aContiene: agosto, septiembre, octubre
650 1 4 _aEjercicios espirituales
_yObras anteriores a 1800
_921775
700 1 _aSancha, Antonio de
_eImpresor
_921776
700 1 _aKostka, Stanislao
_921777
700 1 _aRofrán, Francisco de
_etr.
_921778
856 _ahttp://www.marcasdefuego.buap.mx:8180/xmLibris/projects/firebrand/item.jsp?repository=marcas_de_fuego&key=marcas_de_fuego_franciscanas_20150807140752_1047.xml&num=130
902 _aCFM
942 _2lcc
_cB
999 _c8396
_d8396